LEADER 00528naa a2200145 i 4500 001 000000304154 003 CaOOAMICUS 005 20180831172813.0 008 180831n xx u000 u ger u 013 $a11971 040 $aSeMil$bita 100 1 $aWildberg, Christian.$0(OLS)http://semarc/name/87223 245 14$aDie Gerechtigkeit des Zeus in den Dramen des Euripides. 600 04$aEuripide <485-406 a.C.>.$0(OLS)http://semarc/subject/3325 996 $6245$aDie Gerechtigkeit des Zeus in den Dramen des Euripides$9(OLS)http://semarc/title/380103 LEADER 01026nam a2200253 i 4500 001 000000213654 003 CaOOAMICUS 005 20120601000000.0 008 120601s2012 be u000 u mul u 013 $a192509 020 $a978-2-503-4224-9 040 $aSeMil$bita 245 10$aPars prior. 260 $aTurnhout :$bBrepols,$c2012. 300 $aCXLVIII, 373 p. :$bill. ;$c26 cm. 490 0 $aCorpus Christianorum. Series Latina ;$v107.C 773 0 $aBeato : de Liébana $tBeati Liebanensis Tractatus de Apocalipsin.$dTurnhout : Brepols, 2012.$g1$w()26862 830 0$aCorpus Christianorum. Series Latina ;$v107.C.$0(OLS)http://semarc/title/37 850 $aSeMil 852 $aSeMil$W1$xVenegono$y1$mSL2.J II 107/B$j164082$B164082$CSeMilBibl$Z2$F175116 $8I 961 $aSottoscrizione: Brepols 996 $6020$a978-2-503-4224-9$9(OLS)http://semarc/number/209662 996 $6245$aPars prior$9(OLS)http://semarc/title/47438 996 $6260$aTurnhout :$bBrepols$9(OLS)http://semarc/publisher/29626